Flags Quiz - Statistics

General Stats
  • This quiz has been taken 29 times
  • The average score is 14 of 16
Answer Stats
Picture Answer % Correct
Canada
96%
Sweden
96%
Iran
92%
Jamaica
92%
Mexico
92%
Denmark
88%
Egypt
88%
Ivory Coast
88%
Sri Lanka
88%
Honduras
83%
Luxembourg
83%
Pakistan
83%
Indonesia
79%
Tanzania
75%
Trinidad and Tobago
75%
Kyrgyzstan
67%
No matching quizzes found
Score Distribution
Percent of People with Each Score
Percentile by Number Answered
Your Score History
You have not taken this quiz